History Quiz

Random History or Slogans Quiz

US President Election 2016: Match-Up Quiz Stats

 Plays Quiz not verified by Sporcle

Score 0/30 Timer 04:00
0 Plays Today
% Correct
Donald
97.9%
Hillary
97.6%
Make America
97%
Bernie
96.6%
Black Lives
95.7%
Mike
95.2%
Ted
94.6%
Planned
93.9%
Marco
93.7%
I'm With
92.8%
Sexual
92.3%
Private
90.6%
Locker Room
90%
Ben
89.6%
Syrian
88.8%
% Correct
James
86.8%
Supreme Court
86.5%
alt
85.9%
Flint
85.4%
Basket of
85.4%
Jill
84%
Nasty
83.9%
Tim
82.8%
Gary
81.6%
Khizr
80.6%
Bad
80.6%
Live
76%
Huma
71.9%
Ken
68.6%
Al Smith
67.2%

You're not logged in!

Compare scores with friends on all Sporcle quizzes.
OR
Log In

Show Comments

Extras

Top Quizzes Today


Score Distribution

Your Account Isn't Verified!

In order to create a playlist on Sporcle, you need to verify the email address you used during registration. Go to your Sporcle Settings to finish the process.

Report this User

Report this user for behavior that violates our Community Guidelines.

Details: